Fisher of U.P and Bihar / (Record no. 143814)

MARC details
000 -LEADER
fixed length control field 00627nam a22002057a 4500
005 - DATE AND TIME OF LATEST TRANSACTION
control field 20170825120248.0
010 ## - LCCN (DPL NO)
LC control number ENG-120074
020 ## - INTERNATIONAL STANDARD BOOK NUMBER
Terms of availability 500.00
International Standard Book Number 9789351461616
035 ## - SYSTEM CONTROL NUMBER
System control number EN-103606
037 ## - SOURCE OF ACQUISITION
Source of stock number/acquisition DBAD/PUB
082 ## - DEWEY DECIMAL CLASSIFICATION NUMBER
Classification number 597
100 ## - MAIN ENTRY--PERSONAL NAME
Personal name Srivastava, Gopalji
245 ## - TITLE STATEMENT
Title Fisher of U.P and Bihar /
Statement of responsibility, etc by Gopalji Srivastava
260 ## - PUBLICATION, DISTRIBUTION, ETC. (IMPRINT)
Place of publication, distribution, etc Varanasi
Name of publisher, distributor, etc Vishwavidyalaya Prakashan
Date of publication, distribution, etc 2016
270 ## - ADDRESS
Address Post Box No. 1149, Vishalakshi Building (Basement), Chowk,
City Varanasi
Postal code 221001
300 ## - PHYSICAL DESCRIPTION
Extent xix, 207p. :
Dimensions 22cm(Hb)
Other physical details ill
500 ## - GENERAL NOTE
General note Includes index
700 ## - ADDED ENTRY--PERSONAL NAME
Personal name
942 ## - ADDED ENTRY ELEMENTS (KOHA)
Source of classification or shelving scheme Dewey Decimal Classification
Item type English Books
Classification part 597
Call number suffix SRI
Holdings
Withdrawn status Lost status Not for loan Collection code Home library Current library Date acquired Source of acquisition Cost, normal purchase price Full call number Barcode Copy number Cost, replacement price Koha item type
    Not For Loan Non-fiction D.B.Act.Division Bawana 25/08/2017 DBAD/PUB 500.00 597 SRI EN-103606 1 500.00 English Books

© Delhi Public Library
Hit Counter
free hit counter